000 01077nam a2200241 4500
001 114327
003 DR-UNIBE
005 20260123142340.0
008 260123b2014 dr ||||| |||| 00| 0 spa d
020 _a9789945410402
040 _aBIBLIOTECA UNIBE
_bspa
_cBIBLIOTECA UNIBE
_erda
041 _aspa
082 _aRD 927.9 R896m
100 1 0 _aRubirosa Ariza, Porfirio
_d1909-1965
_9201802
_eautor
245 1 0 _aMi vida como playboy :
_bautobiografía /
_cPorfirio Rubirosa
250 _aPrimera edición
260 _aSanto Domingo :
_bLetragráfica,
_c2014
300 _a157 páginas :
_bfotos b/n :
_c21 x 14 cm
500 _aInformación del autor en la solapa
505 _aEl paraíso verde | A París | De vuelta a mi país | Rafael L. Trujillo | De nuevo en Europa | Divorcio Rubirosa-Flor de Oro | Danielle Darrieux | Doris Duke | El tesoro del Caribe | Vida diplomática | Bárbara Hutton | Odile, mi esposa | Odile define a Rubirosa
600 7 _2lemb
_aRubirosa Ariza, Porfirio
_d1909-1965
_9201802
_xAutobiografía
942 _2ddc
_cBK
999 _c114327
_d114327